[Event "Avoine op 25th"]
[Site "Avoine"]
[Date "2010.07.19"]
[Round "3"]
[White "Hadet, Emmanuel"]
[Black "Siclet, Mathieu"]
[Result "0-1"]
[WhiteElo "2016"]
[BlackElo "1845"]
[PlyCount "28"]
[EventDate "2010.07.??"]
[EventType "swiss"]
[EventRounds "9"]
[EventCountry "FRA"]
[Source "Mark Crowther"]
[SourceDate "2010.08.02"]
[WhiteTeamCountry "FRA"]
[BlackTeamCountry "FRA"]

1. Nf3 Nf6 2. c4 e6 3. g3 Be7 4. Bg2 d5 5. O-O O-O 6. d4 dxc4 7. Qc2 a6 8. Qxc4
b5 9. Qc2 Bb7 10. Bd2 Nbd7 11. Ba5 Ra7 12. Bxc7 Qc8 13. Rc1 Be4 14. Qc3 Nd5 0-1

[Event "Avoine op 25th"]
[Site "Avoine"]
[Date "2010.07.19"]
[Round "3"]
[White "Coent, Yann"]
[Black "Ashanina, Olga"]
[Result "0-1"]
[WhiteElo "1870"]
[BlackElo "2012"]
[PlyCount "60"]
[EventDate "2010.07.??"]
[EventType "swiss"]
[EventRounds "9"]
[EventCountry "FRA"]
[Source "Mark Crowther"]
[SourceDate "2010.08.02"]
[WhiteTeamCountry "FRA"]
[BlackTeamCountry "FRA"]

1. e4 c5 2. Nf3 e6 3. d4 cxd4 4. Nxd4 a6 5. Be2 Qc7 6. O-O Nf6 7. Bf3 Be7 8.
Nc3 O-O 9. Re1 d6 10. Be3 Nc6 11. Nxc6 bxc6 12. g3 Rb8 13. b3 e5 14. Na4 Be6
15. c4 Rfd8 16. Qc2 Nd7 17. Rad1 Rf8 18. Bg2 f5 19. f4 exf4 20. Bxf4 Ne5 21. c5
Rbd8 22. cxd6 Bxd6 23. Kh1 Ng4 24. Rxd6 Rxd6 25. Qc5 Rfd8 26. exf5 Rd1 27. Qg1
Rxe1 28. Qxe1 Qa7 29. Qxe6+ Kh8 30. Bf3 Qf2 0-1

[Event "Avoine op 25th"]
[Site "Avoine"]
[Date "2010.07.20"]
[Round "4"]
[White "Rabineau, Clement"]
[Black "Doncea, Vladimir"]
[Result "1/2-1/2"]
[WhiteElo "2305"]
[BlackElo "2474"]
[PlyCount "73"]
[EventDate "2010.07.??"]
[EventType "swiss"]
[EventRounds "9"]
[EventCountry "FRA"]
[Source "Mark Crowther"]
[SourceDate "2010.08.02"]
[WhiteTeamCountry "FRA"]
[BlackTeamCountry "FRA"]

1. e4 c5 2. c3 d5 3. exd5 Qxd5 4. d4 Nf6 5. Nf3 e6 6. Be3 cxd4 7. cxd4 Bb4+ 8.
Nc3 Bd7 9. Bd3 Bb5 10. O-O Bxc3 11. bxc3 O-O 12. Rb1 Bxd3 13. Qxd3 Qxa2 14.
Rxb7 Nbd7 15. Ne5 Qd5 16. Nxd7 Qxb7 17. Nxf6+ gxf6 18. Bh6 Kh8 19. Bxf8 Rxf8
20. Rb1 Qc6 21. Qe3 Rg8 22. g3 Rg5 23. h4 Rb5 24. Rxb5 Qxb5 25. Qh6 Kg8 26.
Qxf6 a5 27. c4 Qb1+ 28. Kg2 Qe4+ 29. Kf1 a4 30. Qg5+ Kf8 31. Qd8+ Kg7 32. Qg5+
Qg6 33. Qe5+ Kg8 34. Qb8+ Kg7 35. Qe5+ Kf8 36. Qd6+ Kg8 37. Qb8+ 1/2-1/2

[Event "Avoine op 25th"]
[Site "Avoine"]
[Date "2010.07.20"]
[Round "4"]
[White "Tirard, Hugo"]
[Black "Plachetka, Jan"]
[Result "1-0"]
[WhiteElo "2443"]
[BlackElo "2351"]
[PlyCount "83"]
[EventDate "2010.07.??"]
[EventType "swiss"]
[EventRounds "9"]
[EventCountry "FRA"]
[Source "Mark Crowther"]
[SourceDate "2010.08.02"]
[WhiteTeamCountry "FRA"]
[BlackTeamCountry "FRA"]

1. e4 e5 2. Nf3 Nc6 3. Bb5 a6 4. Ba4 Nf6 5. O-O Be7 6. d3 d6 7. c4 O-O 8. h3 h6
9. Nc3 Nh7 10. d4 Bf6 11. Bxc6 bxc6 12. dxe5 dxe5 13. Qa4 Qd6 14. b3 Be7 15.
Qa5 Qb4 16. Qxb4 Bxb4 17. Na4 Re8 18. c5 Be6 19. a3 a5 20. axb4 Bxb3 21. Nb2 a4
22. Nd2 Bc2 23. Nbc4 Ng5 24. Re1 Ne6 25. Nxe5 Nd4 26. Bb2 Rad8 27. Ndf3 Nb5 28.
Nxc6 Rd3 29. Rec1 Bb3 30. Nfd4 a3 31. Bc3 Nxc3 32. Rxa3 Rxe4 33. Kh2 Ne2 34.
Nxe2 Rxe2 35. Na5 Rb2 36. c6 Rxf2 37. Rxb3 Rdd2 38. Rg1 Kf8 39. b5 Rb2 40. b6
cxb6 41. Rxb2 Rxb2 42. Rc1 1-0

[Event "Avoine op 25th"]
[Site "Avoine"]
[Date "2010.07.20"]
[Round "4"]
[White "Drenchev, Petar"]
[Black "Monpeurt, Cyrielle"]
[Result "1-0"]
[WhiteElo "2514"]
[BlackElo "1893"]
[PlyCount "73"]
[EventDate "2010.07.??"]
[EventType "swiss"]
[EventRounds "9"]
[EventCountry "FRA"]
[Source "Mark Crowther"]
[SourceDate "2010.08.02"]
[WhiteTeamCountry "FRA"]
[BlackTeamCountry "FRA"]

1. c4 f5 2. g3 Nf6 3. Bg2 g6 4. d4 Bg7 5. Nh3 O-O 6. Nf4 d6 7. d5 c6 8. Nc3 Qe8
9. O-O e5 10. dxe6 Bxe6 11. Qxd6 Bxc4 12. b3 Bf7 13. Ba3 Qd8 14. Rad1 Qxd6 15.
Bxd6 Re8 16. Rd2 Nbd7 17. Rfd1 Nb6 18. h4 a5 19. Bc7 Nc8 20. Na4 Ne7 21. Nb6
Ra6 22. e3 h6 23. Bf1 Ra7 24. Rd8 g5 25. Bb8 gxf4 26. Bxa7 fxg3 27. fxg3 Ned5
28. Rxe8+ Bxe8 29. Nxd5 Nxd5 30. Bh3 Bg6 31. Rf1 Be5 32. Bxf5 Bxf5 33. Rxf5
Bxg3 34. e4 Nc3 35. Rxa5 Nxe4 36. Ra4 Nc3 37. Rg4+ 1-0

[Event "Avoine op 25th"]
[Site "Avoine"]
[Date "2010.07.20"]
[Round "4"]
[White "Inkiov, Ventzislav"]
[Black "Duhayon, Yves"]
[Result "1-0"]
[WhiteElo "2474"]
[BlackElo "2211"]
[PlyCount "56"]
[EventDate "2010.07.??"]
[EventType "swiss"]
[EventRounds "9"]
[EventCountry "FRA"]
[Source "Mark Crowther"]
[SourceDate "2010.08.02"]
[WhiteTeamCountry "FRA"]
[BlackTeamCountry "FRA"]

1. e4 e5 2. Nf3 Nc6 3. Bc4 Nf6 4. d3 h6 5. O-O d6 6. c3 g6 7. d4 Qe7 8. dxe5
Nxe5 9. Nxe5 dxe5 10. b3 Bg7 11. Ba3 c5 12. b4 b6 13. bxc5 bxc5 14. Bb5+ Bd7
15. Bxd7+ Qxd7 16. f3 Qc6 17. c4 O-O 18. Nc3 Rfd8 19. Nd5 Qa6 20. Bxc5 Qxc4 21.
Rc1 Qa6 22. Be7 Nxd5 23. exd5 Rd7 24. d6 Bf8 25. Qd5 Re8 26. Rc6 Qb7 27. Bxf8
Rxf8 28. Qc5 Rfd8 1-0

[Event "Avoine op 25th"]
[Site "Avoine"]
[Date "2010.07.20"]
[Round "4"]
[White "Galdunts, Sergey"]
[Black "Godart, Francois"]
[Result "1-0"]
[WhiteElo "2459"]
[BlackElo "2240"]
[PlyCount "63"]
[EventDate "2010.07.??"]
[EventType "swiss"]
[EventRounds "9"]
[EventCountry "FRA"]
[Source "Mark Crowther"]
[SourceDate "2010.08.02"]
[WhiteTeamCountry "FRA"]
[BlackTeamCountry "FRA"]

1. e4 c6 2. d4 d5 3. Nc3 dxe4 4. Nxe4 Bf5 5. Nc5 b6 6. Nb3 e6 7. Nf3 Bd6 8. g3
Nf6 9. Bg2 O-O 10. O-O Nbd7 11. Qe2 Qc7 12. Re1 Be4 13. c4 c5 14. Bg5 h6 15.
dxc5 Bxc5 16. Nxc5 Qxc5 17. Be3 Qc7 18. Rac1 Nc5 19. Bd4 Ncd7 20. b4 a5 21. c5
Rfc8 22. c6 Bxc6 23. Bxf6 Bxf3 24. Bxf3 Qxc1 25. Rxc1 Rxc1+ 26. Kg2 Rac8 27.
Bb2 R1c2 28. Qd3 Rxb2 29. Qxd7 Rf8 30. bxa5 bxa5 31. a4 Ra2 32. Qb5 1-0

[Event "Avoine op 25th"]
[Site "Avoine"]
[Date "2010.07.20"]
[Round "4"]
[White "Le Borgne, Pierre"]
[Black "Terrieux, Kevin"]
[Result "0-1"]
[WhiteElo "2216"]
[BlackElo "2437"]
[PlyCount "62"]
[EventDate "2010.07.??"]
[EventType "swiss"]
[EventRounds "9"]
[EventCountry "FRA"]
[Source "Mark Crowther"]
[SourceDate "2010.08.02"]
[WhiteTeamCountry "FRA"]
[BlackTeamCountry "FRA"]

1. e4 c5 2. Nf3 d6 3. d4 cxd4 4. Qxd4 a6 5. c4 Nc6 6. Qd2 g6 7. b3 Bg7 8. Bb2
Nf6 9. Nc3 O-O 10. Be2 Qa5 11. Rb1 b5 12. Nd5 Qxd2+ 13. Nxd2 Nxd5 14. Bxg7 Kxg7
15. exd5 Nd4 16. Bd3 Bf5 17. Bxf5 gxf5 18. O-O Ne2+ 19. Kh1 Nc3 20. Rb2 bxc4
21. bxc4 Rab8 22. Rc2 Na4 23. Nb3 Kf6 24. f3 Rb4 25. g4 Rc8 26. Nd4 Rcxc4 27.
Rxc4 Rxc4 28. Nxf5 Nc3 29. Rc1 Rc5 30. Ng3 Nxa2 31. g5+ Kg6 0-1

[Event "Avoine op 25th"]
[Site "Avoine"]
[Date "2010.07.20"]
[Round "4"]
[White "Payen, Arnaud"]
[Black "Ribeiro, Romain"]
[Result "0-1"]
[WhiteElo "2372"]
[BlackElo "2159"]
[PlyCount "80"]
[EventDate "2010.07.??"]
[EventType "swiss"]
[EventRounds "9"]
[EventCountry "FRA"]
[Source "Mark Crowther"]
[SourceDate "2010.08.02"]
[WhiteTeamCountry "FRA"]
[BlackTeamCountry "FRA"]

1. Nf3 c5 2. c4 b6 3. g3 Bb7 4. Bg2 Nf6 5. O-O e6 6. Nc3 Be7 7. d4 cxd4 8. Qxd4
O-O 9. b3 a6 10. Rd1 Nc6 11. Qf4 Bb4 12. Bb2 Ne7 13. a3 Ng6 14. Qd4 Bc5 15. Qd3
Ng4 16. e3 N6e5 17. Nxe5 Nxe5 18. Qe2 Bxg2 19. Kxg2 Qc7 20. f4 Ng6 21. Qf3 Rac8
22. Rac1 Rfd8 23. h4 Bf8 24. h5 Ne7 25. Ne4 Nf5 26. Nf2 f6 27. Ng4 Qc6 28. e4
Nd6 29. e5 f5 30. Qxc6 Rxc6 31. Nf2 Nf7 32. Rd3 d6 33. Rcd1 b5 34. cxb5 axb5
35. exd6 Rdxd6 36. Rxd6 Bxd6 37. Nd3 Rc2+ 38. Kf3 g5 39. Rg1 g4+ 40. Ke3 Rxb2
0-1

[Event "Avoine op 25th"]
[Site "Avoine"]
[Date "2010.07.20"]
[Round "4"]
[White "Cau, Benjamin"]
[Black "Saatdjian, Thomas"]
[Result "0-1"]
[WhiteElo "2172"]
[BlackElo "2369"]
[PlyCount "64"]
[EventDate "2010.07.??"]
[EventType "swiss"]
[EventRounds "9"]
[EventCountry "FRA"]
[Source "Mark Crowther"]
[SourceDate "2010.08.02"]
[WhiteTeamCountry "FRA"]
[BlackTeamCountry "FRA"]

1. e4 c5 2. Nf3 e6 3. d4 cxd4 4. Nxd4 a6 5. g3 d5 6. e5 Nc6 7. Nxc6 bxc6 8. Bg2
Qc7 9. f4 Bc5 10. Qe2 Rb8 11. b3 Ne7 12. Nc3 Nf5 13. Na4 Be7 14. O-O Qa7+ 15.
Kh1 h5 16. Qf2 c5 17. Ba3 d4 18. Rfe1 Bd7 19. Nb2 h4 20. g4 h3 21. Bf3 Ne3 22.
Nc4 Nxc4 23. bxc4 Bh4 24. Qe2 Bxe1 25. Rxe1 Qb6 26. f5 Bc6 27. fxe6 fxe6 28.
Kg1 O-O 29. Bxc6 Qxc6 30. g5 Rf3 31. Bc1 Rbf8 32. g6 Rf2 0-1

[Event "Avoine op 25th"]
[Site "Avoine"]
[Date "2010.07.20"]
[Round "4"]
[White "Herdier, Goulwenn"]
[Black "Perrin, Guillaume"]
[Result "1/2-1/2"]
[WhiteElo "2112"]
[BlackElo "2301"]
[PlyCount "144"]
[EventDate "2010.07.??"]
[EventType "swiss"]
[EventRounds "9"]
[EventCountry "FRA"]
[Source "Mark Crowther"]
[SourceDate "2010.08.02"]
[WhiteTeamCountry "FRA"]
[BlackTeamCountry "FRA"]

1. e4 c5 2. Nf3 g6 3. d4 cxd4 4. Nxd4 Bg7 5. Be3 Nf6 6. Nc3 Nc6 7. Be2 O-O 8.
O-O d5 9. exd5 Nb4 10. d6 Qxd6 11. Ndb5 Qxd1 12. Raxd1 Bf5 13. Bxa7 Bxc2 14.
Rd2 Rfd8 15. Rxd8+ Rxd8 16. Bc5 Nfd5 17. a3 Nd3 18. Bxd3 Bxd3 19. Rd1 Nxc3 20.
Nxc3 e6 21. f3 f5 22. g3 Rd7 23. Kf2 Bb5 24. Rxd7 Bxd7 25. f4 Kf7 26. Ke3 e5
27. fxe5 Bxe5 28. Bd4 Bd6 29. b4 g5 30. Ne2 Bc6 31. Bc3 Kg6 32. Kf2 Kh5 33. Nd4
Bd7 34. Nf3 f4 35. Ne5 fxg3+ 36. hxg3 Be6 37. a4 g4 38. a5 Kg5 39. Nd3 Kf5 40.
Nc5 Bd5 41. Bd4 Bc7 42. a6 bxa6 43. Nxa6 Bd8 44. Nc5 Bc6 45. Bc3 h5 46. Bd4 Bg5
47. Nb3 Ke4 48. Bc5 Kd3 49. Na5 Bd5 50. b5 Bd2 51. Nc6 Kc4 52. Be3 Bc3 53. Ne7
Be4 54. b6 Bb4 55. Ng8 Bc3 56. Nh6 Bf6 57. Nf7 Be7 58. Bf4 Kc5 59. Be3+ Kc6 60.
Ne5+ Kb7 61. Nc4 Ka6 62. Nd2 Bd5 63. Nf1 Bd6 64. Bd4 Bc6 65. Ne3 Kb5 66. Nf5
Bb8 67. Ng7 Kc4 68. Be3 h4 69. gxh4 Kd3 70. Nh5 Ke4 71. Ng3+ Bxg3+ 72. Kxg3 Kf5
1/2-1/2

[Event "Avoine op 25th"]
[Site "Avoine"]
[Date "2010.07.20"]
[Round "4"]
[White "Dieu, Bruno"]
[Black "Maloberti, David"]
[Result "1/2-1/2"]
[WhiteElo "2296"]
[BlackElo "2136"]
[PlyCount "89"]
[EventDate "2010.07.??"]
[EventType "swiss"]
[EventRounds "9"]
[EventCountry "FRA"]
[Source "Mark Crowther"]
[SourceDate "2010.08.02"]
[WhiteTeamCountry "FRA"]
[BlackTeamCountry "FRA"]

1. d4 Nf6 2. c4 g6 3. Nc3 Bg7 4. e4 d6 5. Nge2 e5 6. d5 O-O 7. Ng3 c6 8. Be2
Na6 9. h4 cxd5 10. cxd5 h6 11. a3 Nh7 12. h5 g5 13. Bg4 Qb6 14. O-O Nf6 15.
Bxc8 Rfxc8 16. Qe2 Qb3 17. Be3 Nc5 18. f3 a6 19. Rfc1 b5 20. Nf5 Bf8 21. g4
Rab8 22. Qd2 Nh7 23. Nd1 Nd3 24. Rc3 Rxc3 25. Qxc3 Qxc3 26. bxc3 Nf6 27. Kf1
Nd7 28. Ke2 N7c5 29. Bxc5 Nxc5 30. Rb1 a5 31. Kd2 f6 32. Nf2 Kf7 33. Nd3 Ke8
34. Nb2 Rb7 35. Kc2 Kd7 36. Ne3 Kc7 37. c4 b4 38. axb4 Rxb4 39. Ra1 Kb6 40. Ra3
Be7 41. Kc3 Ka6 42. Nf5 Bf8 43. Nd3 Nxd3 44. Kxd3 a4 45. Kc3 1/2-1/2

[Event "Avoine op 25th"]
[Site "Avoine"]
[Date "2010.07.20"]
[Round "4"]
[White "Eden, James"]
[Black "Ollier, Pablo"]
[Result "1-0"]
[WhiteElo "2090"]
[BlackElo "2293"]
[PlyCount "87"]
[EventDate "2010.07.??"]
[EventType "swiss"]
[EventRounds "9"]
[EventCountry "FRA"]
[Source "Mark Crowther"]
[SourceDate "2010.08.02"]
[WhiteTeamCountry "FRA"]
[BlackTeamCountry "FRA"]

1. e4 e5 2. Nf3 Nc6 3. Bc4 Bc5 4. c3 Nf6 5. d3 a6 6. Bb3 Ba7 7. Nbd2 O-O 8. Nf1
d5 9. Qe2 Qd6 10. Ng3 Be6 11. O-O h6 12. h3 Rfe8 13. Nh4 Na5 14. Nhf5 Qf8 15.
Qf3 Nxb3 16. axb3 dxe4 17. Nxh6+ gxh6 18. Qxf6 Qg7 19. Nh5 Qxf6 20. Nxf6+ Kg7
21. Nxe8+ Rxe8 22. dxe4 Bxb3 23. Re1 Rd8 24. Ra3 Bc2 25. Be3 Bxe3 26. Rxe3 Rd1+
27. Kh2 Rd2 28. Kg3 Kg6 29. Ra5 Bb1 30. b4 f6 31. Rd5 Rxd5 32. exd5 Kf5 33. Re1
Ba2 34. Rd1 e4 35. d6 cxd6 36. Rxd6 Ke5 37. Rd7 f5 38. Rxb7 f4+ 39. Kh2 e3 40.
fxe3 fxe3 41. Kg3 Ke4 42. Rd7 Bd5 43. Rd8 h5 44. h4 1-0

[Event "Avoine op 25th"]
[Site "Avoine"]
[Date "2010.07.20"]
[Round "4"]
[White "Le Goff, Ronan"]
[Black "Lukasiewicz, Grzegorz"]
[Result "0-1"]
[WhiteElo "1961"]
[BlackElo "2264"]
[PlyCount "128"]
[EventDate "2010.07.??"]
[EventType "swiss"]
[EventRounds "9"]
[EventCountry "FRA"]
[Source "Mark Crowther"]
[SourceDate "2010.08.02"]
[WhiteTeamCountry "FRA"]
[BlackTeamCountry "FRA"]

1. d4 d5 2. Nf3 c6 3. e3 Bf5 4. Be2 Nf6 5. O-O e6 6. Nbd2 Nbd7 7. b3 Bd6 8. Bb2
O-O 9. Ne5 c5 10. c4 cxd4 11. exd4 Rc8 12. Rc1 Qe7 13. c5 Bb8 14. Ndf3 Ne4 15.
b4 f6 16. Nd3 Qf7 17. Qa4 g5 18. Rfd1 Rfd8 19. Nd2 Nxd2 20. Rxd2 Nf8 21. Qd1
Ng6 22. g3 Bxd3 23. Rxd3 f5 24. Qd2 Qf6 25. Re1 Kh8 26. Bc1 h6 27. Bh5 Nf8 28.
Bf3 Rd7 29. Bg2 Rg7 30. Qd1 Qg6 31. Bf3 Rh7 32. Bh5 Qf6 33. Bf3 g4 34. Bg2 h5
35. Qd2 f4 36. gxf4 Ng6 37. Re5 Bxe5 38. dxe5 Qf5 39. Rd4 Nh4 40. Qd1 Qb1 41.
Be4 Qa1 42. Bxh7 Nf3+ 43. Kg2 Qxd4 44. Qxd4 Nxd4 45. Bg6 h4 46. Be3 Nf5 47. Bf7
d4 48. Bd2 Rc6 49. a4 Kg7 50. Be8 Rc7 51. Bb5 h3+ 52. Kf1 Nh4 53. Bc4 Nf3 54.
Ke2 Re7 55. Bd3 Nxh2 56. Be4 Nf3 57. Bxf3 gxf3+ 58. Kxf3 Kg6 59. Kg3 Rh7 60.
Kh2 Kf5 61. f3 Rg7 62. Kxh3 Rg1 63. b5 Rd1 64. Ba5 Rc1 0-1

[Event "Avoine op 25th"]
[Site "Avoine"]
[Date "2010.07.20"]
[Round "4"]
[White "Suez Panama, Gilles"]
[Black "Bonn, Thomas"]
[Result "0-1"]
[WhiteElo "2081"]
[BlackElo "2250"]
[PlyCount "112"]
[EventDate "2010.07.??"]
[EventType "swiss"]
[EventRounds "9"]
[EventCountry "FRA"]
[Source "Mark Crowther"]
[SourceDate "2010.08.02"]
[WhiteTeamCountry "FRA"]
[BlackTeamCountry "FRA"]

1. d4 Nf6 2. Nf3 e6 3. c4 Bb4+ 4. Nbd2 O-O 5. a3 Bxd2+ 6. Qxd2 d6 7. g3 Nc6 8.
Bg2 e5 9. O-O e4 10. Ng5 d5 11. Rd1 h6 12. cxd5 Qxd5 13. Nh3 Rd8 14. Nf4 Qxd4
15. Qxd4 Rxd4 16. Be3 Rxd1+ 17. Rxd1 Be6 18. Nxe6 fxe6 19. b4 a6 20. Bf4 e5 21.
Bc1 a5 22. Bb2 axb4 23. axb4 Ra2 24. Ba1 Rxe2 25. b5 Nd4 26. Bxd4 exd4 27. Rxd4
Re1+ 28. Bf1 Rc1 29. Kg2 Kf8 30. Be2 Rc5 31. h4 Ke7 32. f4 exf3+ 33. Kxf3 c6
34. bxc6 bxc6 35. g4 g5 36. hxg5 hxg5 37. Bc4 Ra5 38. Bd3 Rd5 39. Rxd5 cxd5 40.
Bf5 Kd6 41. Ke3 Ke5 42. Bc8 Ne4 43. Bf5 Nc5 44. Bh7 Ne6 45. Bf5 Kd6 46. Kd3 Nc7
47. Kd4 Nb5+ 48. Kd3 Kc5 49. Bd7 Nd4 50. Bc8 Nc6 51. Be6 Ne5+ 52. Ke3 Kc4 53.
Bc8 Kc3 54. Ke2 d4 55. Bf5 d3+ 56. Kd1 Nc4 0-1

[Event "Avoine op 25th"]
[Site "Avoine"]
[Date "2010.07.20"]
[Round "4"]
[White "Shirazi, Kamran G"]
[Black "Carvallo, Henri"]
[Result "1/2-1/2"]
[WhiteElo "2428"]
[BlackElo "2133"]
[PlyCount "50"]
[EventDate "2010.07.??"]
[EventType "swiss"]
[EventRounds "9"]
[EventCountry "FRA"]
[Source "Mark Crowther"]
[SourceDate "2010.08.02"]
[WhiteTeamCountry "FRA"]
[BlackTeamCountry "FRA"]

1. d4 d6 2. e4 Nf6 3. f3 Nbd7 4. g4 e5 5. g5 Nh5 6. Ne2 Be7 7. Rg1 h6 8. h4
hxg5 9. hxg5 Nf8 10. Be3 c6 11. Nbc3 b5 12. a3 Bd7 13. Qd2 Qc7 14. f4 exf4 15.
Nxf4 Nxf4 16. Bxf4 Ng6 17. d5 a6 18. dxc6 Bxc6 19. O-O-O O-O-O 20. Nd5 Bxd5 21.
exd5 Kb7 22. Rg3 Rc8 23. Bd3 Nxf4 24. Qxf4 Rh2 25. Bf5 Qxc2+ 1/2-1/2

[Event "Avoine op 25th"]
[Site "Avoine"]
[Date "2010.07.20"]
[Round "4"]
[White "Dessenne, Francois"]
[Black "Sanduleac, Vasile"]
[Result "1-0"]
[WhiteElo "2063"]
[BlackElo "2451"]
[PlyCount "81"]
[EventDate "2010.07.??"]
[EventType "swiss"]
[EventRounds "9"]
[EventCountry "FRA"]
[Source "Mark Crowther"]
[SourceDate "2010.08.02"]
[WhiteTeamCountry "FRA"]
[BlackTeamCountry "FRA"]

1. e4 c6 2. d4 d5 3. e5 Bf5 4. Nc3 a6 5. g4 Bc8 6. f4 e6 7. Be3 Ne7 8. Qf3 h5
9. gxh5 Nf5 10. Bf2 c5 11. dxc5 Qa5 12. O-O-O Bxc5 13. Bh3 d4 14. Ne4 Qxa2 15.
Nxc5 Qa1+ 16. Kd2 Qa5+ 17. Kc1 Qxc5 18. Bxf5 exf5 19. Ne2 Be6 20. Rxd4 Qc7 21.
Rhd1 Nc6 22. Rd6 Rc8 23. Nc3 Kf8 24. Bh4 Re8 25. Bg5 Rh7 26. h6 g6 27. h4 Rh8
28. h5 Kg8 29. Rd7 Bxd7 30. Nd5 Qa5 31. Nf6+ Kf8 32. Nxd7+ Kg8 33. Nf6+ Kf8 34.
Nxe8 Kxe8 35. Kb1 Qc7 36. hxg6 fxg6 37. Qd5 Ne7 38. Qb3 Qc6 39. Rd6 Qh1+ 40.
Ka2 Rxh6 41. Qe6 1-0

[Event "Avoine op 25th"]
[Site "Avoine"]
[Date "2010.07.20"]
[Round "4"]
[White "Heurtebize, Christophe"]
[Black "David, Vincent"]
[Result "0-1"]
[WhiteElo "2057"]
[BlackElo "2407"]
[PlyCount "78"]
[EventDate "2010.07.??"]
[EventType "swiss"]
[EventRounds "9"]
[EventCountry "FRA"]
[Source "Mark Crowther"]
[SourceDate "2010.08.02"]
[WhiteTeamCountry "FRA"]
[BlackTeamCountry "FRA"]

1. d4 d5 2. c4 c6 3. Nf3 Nf6 4. Nc3 e6 5. cxd5 exd5 6. Bg5 Bf5 7. e3 Be7 8. Bd3
Bxd3 9. Qxd3 Nbd7 10. O-O O-O 11. Rab1 a5 12. Qc2 Re8 13. a3 Ne4 14. Bxe7 Qxe7
15. b4 Nd6 16. Nd2 axb4 17. axb4 b5 18. Rfc1 Nb6 19. Ra1 Ndc4 20. Nxc4 dxc4 21.
Rab1 Nd5 22. Nxd5 cxd5 23. Qf5 Qd6 24. h3 g6 25. Qf3 Qc6 26. h4 h5 27. Ra1 Ra4
28. Rxa4 bxa4 29. Ra1 Rb8 30. g4 hxg4 31. Qxg4 c3 32. Rc1 Rxb4 33. Qe2 Rb2 34.
Qd3 Qf6 35. Rc2 Rb1+ 36. Kg2 Qxh4 37. Qxc3 Qh1+ 38. Kg3 Rg1+ 39. Kf4 Qe4# 0-1

[Event "Avoine op 25th"]
[Site "Avoine"]
[Date "2010.07.20"]
[Round "4"]
[White "Frick, Christoph"]
[Black "Bruneau, Francois"]
[Result "1-0"]
[WhiteElo "2224"]
[BlackElo "2032"]
[PlyCount "61"]
[EventDate "2010.07.??"]
[EventType "swiss"]
[EventRounds "9"]
[EventCountry "FRA"]
[Source "Mark Crowther"]
[SourceDate "2010.08.02"]
[WhiteTeamCountry "FRA"]
[BlackTeamCountry "FRA"]

1. Nc3 d6 2. g3 g6 3. Bg2 Bg7 4. d3 e6 5. e4 c5 6. Nh3 Ne7 7. O-O O-O 8. Be3
Nbc6 9. Qd2 b5 10. Bh6 Rb8 11. Rae1 Qa5 12. Bxg7 Kxg7 13. a3 Nd4 14. f4 Qb6 15.
Nd1 b4 16. axb4 cxb4 17. Ne3 Bd7 18. Qf2 Qc5 19. Kh1 Bb5 20. g4 f6 21. c3 bxc3
22. bxc3 Qxc3 23. Rc1 Qa5 24. g5 fxg5 25. Nc4 Bxc4 26. Qxd4+ e5 27. Qxc4 gxf4
28. Ng5 Kh6 29. Qe6 Kxg5 30. Qxe7+ Kh6 31. Rc7 1-0

[Event "Avoine op 25th"]
[Site "Avoine"]
[Date "2010.07.20"]
[Round "4"]
[White "Fomichenko, Svetlana"]
[Black "Saatdjian, Stephane"]
[Result "1-0"]
[WhiteElo "2217"]
[BlackElo "2011"]
[PlyCount "107"]
[EventDate "2010.07.??"]
[EventType "swiss"]
[EventRounds "9"]
[EventCountry "FRA"]
[Source "Mark Crowther"]
[SourceDate "2010.08.02"]
[WhiteTeamCountry "FRA"]
[BlackTeamCountry "FRA"]

1. e4 c5 2. Nf3 d6 3. d4 cxd4 4. Nxd4 Nf6 5. Nc3 g6 6. Be2 Bg7 7. O-O O-O 8.
Re1 Nc6 9. Nb3 a6 10. Bf1 b5 11. a4 b4 12. Nd5 Nxd5 13. exd5 Ne5 14. a5 Qc7 15.
Ra4 Rb8 16. Bg5 Re8 17. h3 h6 18. Be3 Nc4 19. Bxc4 Qxc4 20. c3 Bd7 21. Rxb4
Rxb4 22. cxb4 Qxb4 23. Nd4 Qxa5 24. Nc6 Qb5 25. Qd2 Kh7 26. Rc1 Qxb2 27. Bxh6
Qxd2 28. Bxd2 Bh6 29. Bxh6 Kxh6 30. Ra1 Bc8 31. Rb1 e6 32. dxe6 fxe6 33. Rd1 d5
34. Ne5 Kg5 35. g3 Kf5 36. f4 g5 37. Nf7 Rf8 38. Nxg5 Bd7 39. Re1 Rh8 40. h4 a5
41. Nf3 a4 42. Ne5 Be8 43. Kg2 Bh5 44. Nd7 Re8 45. Re5+ Kg6 46. f5+ Kh6 47. Nf6
Rf8 48. Rxe6 Bf7 49. Ra6 Kg7 50. Nd7 Rd8 51. Ne5 Be8 52. f6+ Kf8 53. f7 Bb5 54.
Rg6 1-0

[Event "Avoine op 25th"]
[Site "Avoine"]
[Date "2010.07.20"]
[Round "4"]
[White "Ashanina, Olga"]
[Black "Crouan, Stephane"]
[Result "1/2-1/2"]
[WhiteElo "2012"]
[BlackElo "2216"]
[PlyCount "62"]
[EventDate "2010.07.??"]
[EventType "swiss"]
[EventRounds "9"]
[EventCountry "FRA"]
[Source "Mark Crowther"]
[SourceDate "2010.08.02"]
[WhiteTeamCountry "FRA"]
[BlackTeamCountry "FRA"]

1. e4 e5 2. Nf3 Nc6 3. Bb5 Nf6 4. O-O Nxe4 5. Re1 Nd6 6. Bxc6 dxc6 7. Nxe5 Be7
8. d4 O-O 9. Nd2 f6 10. Nd3 Re8 11. Nf1 Bf8 12. Ne3 Be6 13. Nf4 Bf7 14. b3 a5
15. Ba3 Qd7 16. d5 a4 17. Qf3 axb3 18. dxc6 Qxc6 19. Qxc6 bxc6 20. axb3 Nb5 21.
Bxf8 Kxf8 22. Rxa8 Rxa8 23. Nd3 Nd4 24. Nc5 Ne6 25. Nxe6+ Bxe6 26. Kf1 Ra2 27.
Rd1 Ke7 28. Rd3 c5 29. Rc3 Kd6 30. Ke2 g5 31. Nc4+ Bxc4+ 1/2-1/2

[Event "Avoine op 25th"]
[Site "Avoine"]
[Date "2010.07.20"]
[Round "4"]
[White "Duboue, Peio"]
[Black "Bonnaud, Remy"]
[Result "1/2-1/2"]
[WhiteElo "2018"]
[BlackElo "2183"]
[PlyCount "62"]
[EventDate "2010.07.??"]
[EventType "swiss"]
[EventRounds "9"]
[EventCountry "FRA"]
[Source "Mark Crowther"]
[SourceDate "2010.08.02"]
[WhiteTeamCountry "FRA"]
[BlackTeamCountry "FRA"]

1. e4 e5 2. Nf3 Nc6 3. Bc4 Bc5 4. c3 Nf6 5. d3 d6 6. O-O a6 7. d4 Bb6 8. dxe5
Nxe5 9. Nxe5 dxe5 10. Qxd8+ Kxd8 11. Re1 Ke7 12. h3 Nd7 13. Be3 Bxe3 14. Rxe3
Nb6 15. Bb3 Rd8 16. Kf1 Be6 17. Na3 Rd2 18. Re2 Rd7 19. Ke1 Bxb3 20. axb3 Rad8
21. Nc2 g6 22. Ne3 c6 23. Rd1 Rxd1+ 24. Nxd1 Nd7 25. b4 c5 26. Ne3 cxb4 27.
Nd5+ Ke6 28. Nxb4 Nc5 29. f3 f5 30. exf5+ gxf5 31. Rd2 Rxd2 1/2-1/2

[Event "Avoine op 25th"]
[Site "Avoine"]
[Date "2010.07.20"]
[Round "4"]
[White "Oei, Hway Ik"]
[Black "Foussard, Gervais"]
[Result "1-0"]
[WhiteElo "2148"]
[BlackElo "1950"]
[PlyCount "85"]
[EventDate "2010.07.??"]
[EventType "swiss"]
[EventRounds "9"]
[EventCountry "FRA"]
[Source "Mark Crowther"]
[SourceDate "2010.08.02"]
[WhiteTeamCountry "FRA"]
[BlackTeamCountry "FRA"]

1. d4 Nf6 2. c4 e6 3. Nc3 d5 4. Bg5 Nbd7 5. cxd5 exd5 6. e3 c6 7. Bd3 Be7 8.
Nge2 Nf8 9. Bh4 Ng6 10. Bg3 Bd6 11. Qc2 O-O 12. O-O Re8 13. Na4 Ne4 14. Bxe4
Rxe4 15. Nc5 Re8 16. Rfc1 h5 17. Bxd6 Qxd6 18. b4 h4 19. h3 Qf6 20. Qd2 Nf8 21.
a4 g5 22. f3 Bxh3 23. Nxb7 Bc8 24. Na5 Bd7 25. Kf2 Rab8 26. Nb3 Ne6 27. Nc5
Nxc5 28. Rxc5 Re6 29. b5 Rbe8 30. Ra3 h3 31. gxh3 Qh6 32. Ng1 Qh4+ 33. Ke2 f5
34. bxc6 Bxc6 35. Rac3 Bxa4 36. Rxd5 a6 37. Rxf5 Bb5+ 38. Kd1 Qg3 39. Ne2 Qxh3
40. Rxg5+ Kf8 41. Ng3 Ba4+ 42. Kc1 Qh4 43. e4 1-0